00475 2200145 4500001002100000008004100021035002000062245007700082100001700159260002600176300001400202082001000216650009000226990001300316INLIS000000000000524 ind  a0010-0322000524 aKUMPULAN KISAH ABUNAWAS MEMENJARAKAN ANGIN DONGENG PENGANTAR TIDURcIKHA aRAHIMSYAH AR aSURABAYAbZAFANA RAYA ahlm.ccm. a398.2 aFOLK LITERATURE, FAIRY TALES, MYTH, MYTHOLOGY/CERITA RAKYAT, DONGENG, MITOS, MITOLOGI a102711-1